Greek Mythology 2 - Statistics

General Stats
  • This quiz has been taken 170 times
  • The average score is 5 of 10
Answer Stats
Hint Answer % Correct
What is the name of the hero who slew the gorgon Medusa? Perseus
96%
How many Muses are there? 9
92%
What is the name of the embodiment of Night? Nyx
79%
From where was famous Greek hero Odysseus? Ithaca
63%
Who is the mother of Apollo and Artemis? Leto
50%
What is the name of the hero who founded Rome (after fleeing the Trojan War)? Aeneas
39%
Who is the West Wind? Zephyrs/Zephyros/Zephyrus
27%
Who is the mother of Dionysus? Semele
24%
And the daughter of the above, embodiment of Day? Hemera
20%
Which Greek King threw himself of the cliffs of Athens when he saw the black sails of Theseus's ships? Aegeas
8%
No matching quizzes found
Score Distribution
Percent of People with Each Score
Percentile by Number Answered
Your Score History
You have not taken this quiz